000 00854nam a2200241 a 4500
008
020 _a0884100650 (hbk.)
049 _aMAIN
090 _aT174.3
110 2 _aNuclear Energy Policy Study Group.
245 1 0 _aNuclear power issues and choices :
_breport of the Nuclear Energy Policy Study Group /
_cforeword by McGeorge Bundy ; the Nuclear Energy Policy Study Group, chaired by Spurgeon M. Keeny, Jr.
260 _aCambridge, Mass. :
_bBallinger,
_c1977.
300 _axvii, 418 p. :
_bill. ;
_c23 cm.
650 0 _aNuclear industry
_zUnited States.
650 0 _aPower resources
_zUnited States.
650 0 _aPower Plants
700 1 _aKeeny, Spurgeon M.
907 _a.b10037767
_b23-11-05
_c17-04-03
003
005 20230123134056.0
040 _cNUST
942 _cBOOKS
_kT174.3
999 _c159604
_d159604